| 000 | 01165cab a2200253 4500 | ||
|---|---|---|---|
| 001 | ABS59503 | ||
| 008 | 090401t1998 xxu||||| |||| 00| 0 eng d | ||
| 035 | _a(Sirsi) u89483 | ||
| 041 | _aeng | ||
| 245 | _aSheffield CC v Jackson and others | ||
| 260 | _c1998 | ||
| 350 | _a0 | ||
| 490 |
_aWeekly Law Reports _v[1998] WLR 1591-1603(13) |
||
| 520 | _aThe defendants (J) exercised their right to buy their properties on a large city hosing estate. The conveyances contained provision for them to contribute to upkeep of the area by way of service charges. J failed to pay these charges. Upon action by the council for the arrears, it was found that whilst the covenant in the conveyance was not void for uncertainty, it was unreasonable and unenforceable, as the upkeep of the area would benefit residents of the city as a whole. Appeal allowed. | ||
| 650 | _aBREACH OF COVENANT | ||
| 650 | _aHOUSING ACT 1985 | ||
| 650 | _aMAINTENANCE COSTS | ||
| 650 | _aRIGHT TO BUY | ||
| 650 | _aSERVICE CHARGES | ||
| 650 | _aSHEFFIELD CC V JACKSON AND OTHERS | ||
| 690 | _aLANDLORD AND TENANT-CASE LAW-RESIDENTIAL TENANCIES | ||
| 942 | _n0 | ||
| 948 | _c04/11/1998 | ||
| 999 |
_c56620 _d56620 |
||